Diseño, corte y confección / (Registro nro. 983)

000 -CABECERA
campo de control de longitud fija 01294nam a2200361 a 4500
001 - NÚMERO DE CONTROL
campo de control 000015952
003 - IDENTIFICADOR DEL NÚMERO DE CONTROL
campo de control OSt
005 - FECHA Y HORA DE LA ÚLTIMA TRANSACCIÓN
campo de control 20230206094047.0
008 - DATOS DE LONGITUD FIJA--INFORMACIÓN GENERAL
campo de control de longitud fija 001130s2004 colad gr0 000 d
020 ## - NÚMERO INTERNACIONAL ESTÁNDAR DEL LIBRO
Número Internacional Estándar del Libro 958-9085-82-2
040 ## - FUENTE DE LA CATALOGACIÓN
Centro/agencia transcriptor CO-MqBPB
082 04 - NÚMERO DE LA CLASIFICACIÓN DECIMAL DEWEY
Número de clasificación 646.4
Número de documento/Ítem D47
245 10 - MENCIÓN DE TÍTULO
Título Diseño, corte y confección /
Mención de responsabilidad, etc. ilustración: Marcela Cardona; Isabel Gutiérrez y LIlia Araujo; fotografía: Leonel D'Cassio y Edna Galvis; dirección editorial: OLga Consuelo Borrero.
250 ## - MENCIÓN DE EDICIÓN
Mención de edición 2a. ed.
260 ## - PUBLICACIÓN, DISTRIBUCIÓN, ETC.
Lugar de publicación, distribución, etc. Santafé de Bogotá :
Nombre del editor, distribuidor, etc. Zamora,
Fecha de publicación, distribución, etc. 2004.
300 ## - DESCRIPCIÓN FÍSICA
Extensión 5v. : il., fot., col.
500 ## - NOTA GENERAL
Nota general Cada uno de los cinco volúmenes contiene un patrón de moldes básicos
500 ## - NOTA GENERAL
Nota general v.1 -v.5 ej.1 de Mosquera donado por la Biblioteca Nacional - PNLB 2012.
650 14 - PUNTO DE ACCESO ADICIONAL DE MATERIA--TÉRMINO DE MATERIA
Término de materia o nombre geográfico como elemento de entrada CORTE Y CONFECCION
650 14 - PUNTO DE ACCESO ADICIONAL DE MATERIA--TÉRMINO DE MATERIA
Término de materia o nombre geográfico como elemento de entrada DISEÑO DE VESTIDOS
650 14 - PUNTO DE ACCESO ADICIONAL DE MATERIA--TÉRMINO DE MATERIA
Término de materia o nombre geográfico como elemento de entrada PRENDAS DE VESTIR
650 14 - PUNTO DE ACCESO ADICIONAL DE MATERIA--TÉRMINO DE MATERIA
Término de materia o nombre geográfico como elemento de entrada PRENDAS DE VESTIR PARA HOMBRES
650 14 - PUNTO DE ACCESO ADICIONAL DE MATERIA--TÉRMINO DE MATERIA
Término de materia o nombre geográfico como elemento de entrada CORTE Y CONFECCION - PATRONES
650 14 - PUNTO DE ACCESO ADICIONAL DE MATERIA--TÉRMINO DE MATERIA
Término de materia o nombre geográfico como elemento de entrada PRENDAS DE VESTIR PARA MUJERES
650 14 - PUNTO DE ACCESO ADICIONAL DE MATERIA--TÉRMINO DE MATERIA
Término de materia o nombre geográfico como elemento de entrada PRENDAS DE VESTIR PARA NIÑOS
700 1# - PUNTO DE ACCESO ADICIONAL--NOMBRE DE PERSONA
Nombre de persona Cardona, Marcela, il.
700 1# - PUNTO DE ACCESO ADICIONAL--NOMBRE DE PERSONA
Nombre de persona Gutiérrez, Isabel, il.
700 1# - PUNTO DE ACCESO ADICIONAL--NOMBRE DE PERSONA
Nombre de persona Arango, Lilia, il.
700 1# - PUNTO DE ACCESO ADICIONAL--NOMBRE DE PERSONA
Nombre de persona D'Cassio, Leonel, fot.
700 1# - PUNTO DE ACCESO ADICIONAL--NOMBRE DE PERSONA
Nombre de persona Galvis, Edna, fot.
700 1# - PUNTO DE ACCESO ADICIONAL--NOMBRE DE PERSONA
Nombre de persona Borrero, Olga Consuelo, ed.
942 ## - ELEMENTOS DE PUNTO DE ACCESO ADICIONAL (KOHA)
Fuente del sistema de clasificación o colocación
Tipo de ítem Koha Libro
Existencias
Estado de retiro Estado de pérdida Fuente del sistema de clasificación o colocación Estado dañado No para préstamo Código de colección Localización permanente Ubicación/localización actual Fecha de adquisición Número de inventario Total de préstamos Signatura topográfica completa Código de barras Fecha visto por última vez Número de copia Precio válido a partir de Tipo de ítem Koha Nota pública Fecha del último préstamo
          Referencia Biblioteca Pública San Juan Bosco Biblioteca Pública San Juan Bosco 20/01/2020 97757   R 646.4 D47 MOS000146 11/10/2022 v.1 ej.1 20/01/2020 Referencia Préstamo en sala  
          Colección General Biblioteca Pública San Juan Bosco Biblioteca Pública San Juan Bosco 20/01/2020 97758 2 646.4 D47 MOS000148 29/07/2024 v.2 ej.1 20/01/2020 Libro Ocho dias 17/07/2024
          Colección General Biblioteca Pública San Juan Bosco Biblioteca Pública San Juan Bosco 20/01/2020 97759   646.4 D47 MOS000149 11/10/2022 v.3 ej.1 20/01/2020 Libro Ocho dias  
          Colección General Biblioteca Pública San Juan Bosco Biblioteca Pública San Juan Bosco 20/01/2020 97760   646.4 D47 MOS000150 20/01/2020 v.4 ej.1 20/01/2020 Libro Ocho dias  
          Colección General Biblioteca Pública San Juan Bosco Biblioteca Pública San Juan Bosco 20/01/2020 97761   646.4 D47 MOS000780 20/01/2020 V5 ej.1 20/01/2020 Libro Ocho dias  
          Colección General Biblioteca Pública San Juan Bosco Biblioteca Pública San Juan Bosco 20/01/2020 97762   646.4 D47 MOS002802 20/01/2020 v.1 ej.2 20/01/2020 Libro Ocho dias  
          Colección General Biblioteca Pública San Juan Bosco Biblioteca Pública San Juan Bosco 20/01/2020 97763   646.4 D47 MOS002803 11/10/2022 v.2 ej.2 20/01/2020 Libro Ocho dias  
          Colección General Biblioteca Pública San Juan Bosco Biblioteca Pública San Juan Bosco 20/01/2020 97764   646.4 D47 MOS002804 20/01/2020 v.3 ej.2 20/01/2020 Libro Ocho dias  
          Colección General Biblioteca Pública San Juan Bosco Biblioteca Pública San Juan Bosco 20/01/2020 97765   646.4 D47 MOS002805 11/10/2022 v.4 ej.2 20/01/2020 Libro Ocho dias  

© Todos los derechos reservados para la Biblioteca Pública Municipal San Juan Bosco, 2020
Secretaria de Cultura de Mosquera
Carrera 3 N° 10 Esquina Centro Cultural Barrio El Carmén Teléfono: 8270830 Ext: 34
Funcionando con KOHA
Contacto: Biblioteca Pública Municipal San Juan Bosco/ bibliotecasanjuanbosco@mosquera-cundinamarca.gov.co
Mosquera, Cundinamarca